Энергетические соотношения при электрическом пробое ионных кристаллов; Тезисы докладов второй Всесоюзной конференции по физике диэлектриков, Москва, 20-28 ноября 1958 г.

Dades bibliogràfiques
Parent link:Тезисы докладов второй Всесоюзной конференции по физике диэлектриков, Москва, 20-28 ноября 1958 г..— 1985.— С. 58
Autor principal: Сончик К. К.
Idioma:rus
Publicat: 1985
Matèries:
Format: MixedMaterials Capítol de llibre
KOHA link:https://koha.lib.tpu.ru/cgi-bin/koha/opac-detail.pl?biblionumber=178614

MARC

LEADER 00000naa2a2200000 4500
001 178614
005 20231031165938.0
035 |a (RuTPU)RU\TPU\book\193622 
035 |a RU\TPU\tpu\4425 
090 |a 178614 
100 |a 20100408d1958 k y0rusy50 ca 
101 0 |a rus 
102 |a RU 
200 1 |a Энергетические соотношения при электрическом пробое ионных кристаллов  |f К. К. Сончик 
463 0 |0 (RuTPU)RU\TPU\book\193291  |t Тезисы докладов второй Всесоюзной конференции по физике диэлектриков, Москва, 20-28 ноября 1958 г.  |f Академия наук СССР (АН СССР), Физический институт им. П. Н. Лебедева (ФИАН) ; под ред. Б. Н. Моцонашвили  |v С. 58  |d 1985  |p 91 с. 
610 1 |a электричество 
610 1 |a труды учёных ТПУ 
610 1 |a диэлектрики 
610 1 |a пробой 
700 1 |a Сончик  |b К. К. 
801 0 |a RU  |b 63413507  |c 20011210  |g PSBO 
801 2 |a RU  |b 63413507  |c 20100408  |g PSBO 
942 |c BK